Desarrollo silvicultural en el Pacífico, Buenaventura y bajo Calima (Registro nro. 16471)
[ vista simple ]
| 000 -CABECERA | |
|---|---|
| Campo de control | 008160000a22002410004500 |
| 041 0# - IDIOMA | |
| Código de idioma para texto/pista de sonido o título separado | |
| 090 ## - CLASIFICACIÓN LOCAL | |
| Colección | MM |
| Consecutivo | 00007 |
| 041 0# - IDIOMA | |
| Código de idioma para texto/pista de sonido o título separado | |
| 044 ## - PAÍS DE PUBLICACIÓN | |
| País de publicación | |
| 110 1# - ASIENTO PRINCIPAL--NOMBRE CORPORATIVO | |
| Nombre corporativo o de jurisdicción como elemento de entrada | Instituto Nacional de los Recursos Renovables y del Ambiente |
| -- | INDERENA |
| 245 10 - MENCION DE TITULO | |
| Título | Desarrollo silvicultural en el Pacífico, Buenaventura y bajo Calima |
| 260 ## - PUBLICACION, DISTRIBUCION, ETC. (PIE DE IMPRENTA) | |
| Lugar de publicación, distribución, etc. | Bogotá |
| Nombre del editor, distribuidor, etc. | INDERENA |
| Fecha de publicación, distribución, etc. | 1992 |
| 300 ## - DESCRIPCION FISICA | |
| Extensión | 17 min. |
| Otros detalles físicos | BETA |
| 650 14 - ASIENTO SECUNDARIO DE MATERIA - TERMINO TEMATICO | |
| Término temático o nombre geográfico como elemento de entrada | Bosques tropicales |
| 650 14 - ASIENTO SECUNDARIO DE MATERIA - TERMINO TEMATICO | |
| Término temático o nombre geográfico como elemento de entrada | Especies forestales nativas |
| 650 14 - ASIENTO SECUNDARIO DE MATERIA - TERMINO TEMATICO | |
| Término temático o nombre geográfico como elemento de entrada | Manejo de bosques naturales |
| 650 14 - ASIENTO SECUNDARIO DE MATERIA - TERMINO TEMATICO | |
| Término temático o nombre geográfico como elemento de entrada | Regeneración natural |
| 650 14 - ASIENTO SECUNDARIO DE MATERIA - TERMINO TEMATICO | |
| Término temático o nombre geográfico como elemento de entrada | Uso del bosque |
| 651 #4 - ASIENTO SECUNDARIO DE MATERIA - NOMBRE GEOGRAFICO | |
| -- | Tumaco |
| -- | Nariño |
| -- | Colombia |
| 651 #4 - ASIENTO SECUNDARIO DE MATERIA - NOMBRE GEOGRAFICO | |
| -- | San Isidro |
| -- | Valle del Cauca |
| -- | Colombia |
| 651 #4 - ASIENTO SECUNDARIO DE MATERIA - NOMBRE GEOGRAFICO | |
| -- | Riosucio |
| -- | Chocó |
| -- | Colombia |
| 942 ## - ELEMENTOS ADICIONALES (KOHA) | |
| Tipo de ítem | CD-ROM |
| Withdrawn status | Lost status | Sistema de Clasificación | Damaged status | No para préstamo | Colección | Ubicación Permanente | Ubicación actual | Fecha de adquisición | Fuente de Valor | Total Checkouts | Número topográfico | Inventario / Código de Barras | Date last seen | Ejemplar | Price effective from | Forma de adquisición | Tipo de material |
|---|---|---|---|---|---|---|---|---|---|---|---|---|---|---|---|---|---|
| Local | Audiovisual | Bogotá | Bogotá | 09/02/2017 | Inderena | AV-00007 | 018197 | 25/03/2015 | Ej. 1 | 25/03/2015 | Donación | Betamax | |||||
| Local | Audiovisual | Bogotá | Bogotá | 09/02/2017 | Inderena | AV-00007 | 018198 | 25/03/2015 | Ej. 2 | 25/03/2015 | Donación | Betamax | |||||
| Local | Audiovisual | Bogotá | Bogotá | 09/02/2017 | Inderena | AV-00007 | 018223 | 25/03/2015 | Ej. 3 | 25/03/2015 | Donación | Betamax | |||||
| Local | Audiovisual | Bogotá | Bogotá | 09/02/2017 | Inderena | AV-00007 | 018224 | 25/03/2015 | Ej. 4 | 25/03/2015 | Donación | Betamax | |||||
| Audiovisual | Villa de Leyva | Villa de Leyva | 27/02/2015 | INDERENA | MM 00007 | AUTO_19842 | 25/03/2015 | 25/03/2015 | CD-ROM | ||||||||
| Audiovisual | Villa de Leyva | Villa de Leyva | 27/02/2015 | INDERENA | MM 00007 | AUTO_19843 | 25/03/2015 | 25/03/2015 | CD-ROM | ||||||||
| Audiovisual | Villa de Leyva | Villa de Leyva | 27/02/2015 | INDERENA | MM 00007 | AUTO_19844 | 25/03/2015 | 25/03/2015 | CD-ROM | ||||||||
| Audiovisual | Villa de Leyva | Villa de Leyva | 27/02/2015 | INDERENA | MM 00007 | AUTO_19845 | 25/03/2015 | 25/03/2015 | CD-ROM |